00670nam a2200205Ia 4500003000400000005001700004008004100021020001800062040001800080041000800098082002200106100001800128245016500146250001200311260004400323300002600367650002500393650002700418650001900445OSt20250204114617.0210716s2013 xx 000 0 und d a9781782167266 cAIMIT LIBRARY aeng a006.671 21bBARR aBarton, Rick. aTalend open studio cookbook : bover 100 recipes to help you master talend open studio and become a more effective data integration developer /cBy Rick Barton. a1st ed. aMumbai :bPackt Publishing Ltd ,c2013. aiv,253p. ;bPBc24 cm aMetadata and schemas aWorking with databases aManaging files